000 01103nam0a22003011 4500
001 RU\NLR\INFOCOMM_116\5000075574
005 20250613095404.0
010 _97000 экз.
_a5-03-001752-6
035 _a(NLR Aleph) 009293377
090 _a9234013
_c9234013
100 _a20101001d1990 |||y0rusy50 ca
101 1 _aeng
_crus
102 _aRU
105 _aa ||||000|y
200 1 _aProblems and exercises in chemistry
_fYu. M. Erokhin, V. I. Frolov
_gTransl. from the Russ. by S. K. Sarkar
205 _aRev. from the 1988 Russ. ed.
210 _aΜ.
_cMir
_d1990
215 _a319 с.
_cил.
_d20 см
300 _aВ вып. дан.: Сборник задач и упражнений по химии / Юрий Михайлович Ерохин, Виктор Иванович Фролов
686 _aГ1я7
_2rubbk
700 1 _9z01790
_aErochin
_bJ. M.
_gJurij Michajlovič
_4070
701 1 _aFrolov
_bV. I.
_gViktor Ivanovič
_4070
790 1 _9z01700
_aErokhin
_bYu. M.
_4070
801 1 _aRU
_bNLR
_c20101001
801 0 _aRU
_bNLR
_gPSBO
852 _aNLR
_jХ01 Д-3/224
942 _cBOOK
980 _aNB